000 00296nam a2200133Ia 4500
082 _a614
_bN11J
100 _aJ. KISHORE
245 _aNATIONAL HEALTH PROGRAMMES IN INDIA
250 _a9TH
260 _bCENTURY
_aDELHI
_c2011
300 _a1-828
650 _aCOMMUNITY MEDICINE
942 _2ddc
_cBK
999 _c1464
_d1464